Thao thức. Tiểu thuyết / t.II,
Wedi'i Gadw mewn:
| Prif Awdur: | |
|---|---|
| Fformat: | Sách giấy |
| Iaith: | Vietnamese |
| Cyhoeddwyd: |
Hội nhà văn Việt Nam :
Tác phẩm mới,
1985.
|
| Tagiau: |
Ychwanegu Tag
Dim Tagiau, Byddwch y cyntaf i dagio'r cofnod hwn!
|
| Thư viện lưu trữ: | Thư viện Trường Đại học Đà Lạt |
|---|
| LEADER | 00662nam a2200277 4500 | ||
|---|---|---|---|
| 001 | DLU130150941 | ||
| 005 | ##20130830 | ||
| 040 | # | # | |a DLU |b vie |
| 041 | # | # | |a vie |
| 044 | # | # | |a vn |
| 082 | # | # | |a 891.73 |b KR-A |
| 100 | # | # | |a Krôn Alêchxanđrơ. |
| 245 | # | # | |a Thao thức. |n t.II, |b Tiểu thuyết / |c Alếchxanđrơ Krôn. |
| 260 | # | # | |a Hội nhà văn Việt Nam : |b Tác phẩm mới, |c 1985. |
| 300 | # | # | |a 338 tr. ; |c 19 cm. |
| 923 | # | # | |a TL |
| 991 | # | # | |a SH |
| 992 | # | # | |a 36,0 |
| 994 | # | # | |a DLU |
| 900 | # | # | |a True |
| 911 | # | # | |a Nguyễn Thị Mai Anh |
| 925 | # | # | |a G |
| 926 | # | # | |a A |
| 927 | # | # | |a SH |
| 980 | # | # | |a Thư viện Trường Đại học Đà Lạt |